Documento propiedad de Don José de la Borda y Don Manuel de la Borda (Record no. 4715)
[ view plain ]
| 000 -CABECERA | |
|---|---|
| campo de control de longitud fija | 01834nam a2200349 a 4500 |
| 001 - NÚMERO DE CONTROL | |
| campo de control | BRCA_5021 |
| 005 - FECHA Y HORA DE LA ÚLTIMA TRANSACCIÓN | |
| campo de control | 20190320204916.0 |
| 008 - DATOS DE LONGITUD FIJA--INFORMACIÓN GENERAL | |
| campo de control de longitud fija | 011110s1769----mx-######v---#000-0#spa-# |
| 041 ## - CÓDIGO DE LENGUA | |
| Código de lengua del texto/banda sonora o título independiente | spa |
| 044 ## - CÓDIGO DEL PAÍS DE LA ENTIDAD EDITORA/PRODUCTORA | |
| Código MARC del país | mx |
| 084 ## - OTRO NÚMERO DE CLASIFICACIÓN | |
| Número de clasificación | DOC78 |
| Número de documento/Ítem | .B67 |
| -- | 1769 |
| 100 1# - ENTRADA PRINCIPAL--NOMBRE DE PERSONA | |
| Nombre de persona | Borda, José de la |
| 9 (RLIN) | 12805 |
| 245 10 - MENCIÓN DE TÍTULO | |
| Título | Documento propiedad de Don José de la Borda y Don Manuel de la Borda |
| Mención de responsabilidad, etc. | José de la Borda ... [et al]. |
| 260 ## - PUBLICACIÓN, DISTRIBUCIÓN, ETC. | |
| Lugar de publicación, distribución, etc. | México |
| Fecha de publicación, distribución, etc. | 1769 |
| 300 ## - DESCRIPCIÓN FÍSICA | |
| Extensión | [25] fojas |
| Dimensiones | 31 x 21 cm. |
| 500 ## - NOTA GENERAL | |
| Nota general | Documento firmado el 1 de agosto de 1769. |
| 500 ## - NOTA GENERAL | |
| Nota general | Documento propiedad de Don José de la Borda y Don Manuel de la Borda, que certifica los autos de concurso de acreedores presentados para los bienes y haciendas del Capitán Don Gaspar García de Rivero y su mujer Doña Clara Martínez de la Piñuela, a favor de Doña María Josefa de Oviedo. Firmado por Don Antonio Rodríguez Moreno, escribano público y notario, Oficial Mayor Interino de Secuestros del Santo Oficio de la Inquisición y de la Hacienda del Real Fisco. |
| 500 ## - NOTA GENERAL | |
| Nota general | El documento contiene la leyenda DOC. #238. |
| 500 ## - NOTA GENERAL | |
| Nota general | Estado de conservación: contiene lagunas en la parte inferior y manchas en gran parte del documento. |
| Especificación de materiales | Manuscrito |
| 506 0# - NOTA DE RESTRICCIONES AL ACCESO | |
| Limitaciones de acceso | Fondo Reservado. Para su consulta es necesario credencial de usuario y carta de motivos. |
| 546 ## - NOTA DE LENGUA/LENGUAJE | |
| Nota de lengua/lenguaje | Texto en: Español de mediados del siglo XVIII. |
| 600 14 - PUNTO DE ACCESO ADICIONAL DE MATERIA--NOMBRE DE PERSONA | |
| Nombre de persona | Borda, José de la |
| Subdivisión general | Historia |
| 9 (RLIN) | 12767 |
| 650 14 - PUNTO DE ACCESO ADICIONAL DE MATERIA--TÉRMINO DE MATERIA | |
| Término de materia o nombre geográfico como elemento de entrada | Documentos legales |
| Subdivisión de forma | Manuscritos |
| 9 (RLIN) | 12806 |
| 651 #4 - PUNTO DE ACCESO ADICIONAL DE MATERIA--NOMBRE GEOGRÁFICO | |
| Nombre geográfico | México |
| Subdivisión general | Historia |
| Subdivisión cronológica | Colonia, 1521-1821 |
| 9 (RLIN) | 12461 |
| 700 1# - PUNTO DE ACCESO ADICIONAL--NOMBRE DE PERSONA | |
| Nombre de persona | Borda, Manuel de la |
| 9 (RLIN) | 12807 |
| 700 1# - PUNTO DE ACCESO ADICIONAL--NOMBRE DE PERSONA | |
| Nombre de persona | Rodríguez, Moreno Antonio |
| Títulos y otros términos asociados al nombre | Escribano |
| 9 (RLIN) | 12808 |
| 700 1# - PUNTO DE ACCESO ADICIONAL--NOMBRE DE PERSONA | |
| Nombre de persona | García de Rivero, Gaspar |
| 9 (RLIN) | 12809 |
| 700 1# - PUNTO DE ACCESO ADICIONAL--NOMBRE DE PERSONA | |
| Nombre de persona | Martínez de la Piñuela, Clara |
| 9 (RLIN) | 12810 |
| 700 1# - PUNTO DE ACCESO ADICIONAL--NOMBRE DE PERSONA | |
| Nombre de persona | Oviedo, María Josefa de |
| 9 (RLIN) | 12811 |
| 902 ## - CATALOGADOR | |
| Iniciales | FDH |
| 942 ## - ELEMENTOS DE PUNTO DE ACCESO ADICIONAL (KOHA) | |
| Fuente del sistema de clasificación o colocación | Library of Congress Classification |
| Tipo de ítem Koha | Documentos |
| Estado de retiro | Estado de pérdida | Estado dañado | No para préstamo | Localización permanente | Ubicación/localización actual | Fecha de adquisición | Total de préstamos | Signatura topográfica completa | Código de barras | Fecha visto por última vez | Precio válido a partir de | Tipo de ítem Koha |
|---|---|---|---|---|---|---|---|---|---|---|---|---|
| El ejemplar forma parte de la colección y puede ser consultado según las políticas vigentes. | Biblioteca del Museo Franz Mayer (Rogerio Casas-Alatriste) | Biblioteca del Museo Franz Mayer (Rogerio Casas-Alatriste) | 01/11/2010 | DOC78 .B67 1769 | 5109 | 22/03/2019 | 22/03/2019 | Documentos |